50 worship talks for children. (Record no. 12259)

000 -LEADER
fixed length control field 00601nam a2200193 a 4500
001 - CONTROL NUMBER
control field :::00010061$&:&@@
003 - CONTROL NUMBER IDENTIFIER
control field OkBaRHE
005 - DATE AND TIME OF LATEST TRANSACTION
control field 20000607103355.0
008 - FIXED-LENGTH DATA ELEMENTS--GENERAL INFORMATION
fixed length control field s1982 j 000 0 eng u
020 ## - INTERNATIONAL STANDARD BOOK NUMBER
International Standard Book Number 0570038502 (pbk.)
040 ## - CATALOGING SOURCE
Transcribing agency
100 1# - MAIN ENTRY--PERSONAL NAME
Personal name Behnke, Daniel J., 1930-
245 10 - TITLE STATEMENT
Title 50 worship talks for children.
260 ## - PUBLICATION, DISTRIBUTION, ETC. (IMPRINT)
Place of publication, distribution, etc St. Louis, MO., :
Name of publisher, distributor, etc Concordia Publishing House
Date of publication, distribution, etc c1982
300 ## - PHYSICAL DESCRIPTION
Extent 80 p. : illus. ;
Dimensions 28 cm.
650 ## - SUBJECT ADDED ENTRY--TOPICAL TERM
Topical term or geographic name as entry element Children's sermons
942 ## - ADDED ENTRY ELEMENTS (KOHA)
Source of classification or shelving scheme
Koha item type Books
Copies
Full call number Copy number Date last seen Date acquired Shelving location Lost status Permanent Location Not for loan Damaged status Koha item type Withdrawn status Price effective from Source of classification or shelving scheme Barcode
BV 4315 .B3412010-04-142010-04-14General Stacks RHEMA Bible Training College  Books 2010-04-14 10061